AH International Schools' Libraries

Swan & turtle (KHMER) / (Record no. 47249)

MARC details
000 -LEADER
fixed length control field 00246nam a2200097 4500
100 ## - MAIN ENTRY--PERSONAL NAME
Personal name Thirith, Om
9 (RLIN) 84767
245 ## - TITLE STATEMENT
Title Swan & turtle (KHMER) /
Statement of responsibility, etc Om Thirith
260 ## - PUBLICATION, DISTRIBUTION, ETC. (IMPRINT)
Place of publication, distribution, etc Cambodia
Name of publisher, distributor, etc JSRC
Date of publication, distribution, etc 2002
300 ## - PHYSICAL DESCRIPTION
Extent 20 p.
Other physical details col. ill.
Dimensions 30 cm.
942 ## - ADDED ENTRY ELEMENTS (KOHA)
Source of classification or shelving scheme
Koha item type Book
Holdings
Withdrawn status Lost status Source of classification or shelving scheme Damaged status Not for loan Collection code Home library Current library Date acquired Total Checkouts Full call number Barcode Date last seen Price effective from Koha item type
          TEACHERS' RESOURCES Asian Hope Early Years Library Asian Hope Early Years Library 08/26/2024   KHMER E THI 206336 08/26/2024 08/26/2024 Book

For any Logos Library related questions please contact Miss Art at swongnarasuk@asianhope.org.

For any Asian Hope Library related questions please contact Miss Raza at graza@asianhope.org.

Powered by Koha